LEADER 04845 am 2200841 n 450 001 9910416496103321 005 20190829 010 $a2-915544-75-1 024 7 $a10.4000/books.artehis.5550 035 $a(CKB)4100000011343877 035 $a(FrMaCLE)OB-artehis-5550 035 $a(oapen)https://directory.doabooks.org/handle/20.500.12854/56888 035 $a(PPN)248894072 035 $a(EXLCZ)994100000011343877 100 $a20200707j|||||||| ||| 0 101 0 $afre 135 $auu||||||m|||| 181 $ctxt$2rdacontent 182 $cc$2rdamedia 183 $acr$2rdacarrier 200 13$aLa Préhistoire en Bourgogne $eÉtat des connaissances et bilan 1994-2005 /$fRémi Martineau, Yves Pautrat, Olivier Lemercier 210 $aDijon $cARTEHIS Éditions$d2019 215 $a1 online resource (320 p.) 311 $a2-915544-31-X 330 $aImpulsé par la Direction des patrimoines (Ministère de la Culture et de la Communication), le bilan scientifique régional 1994-2005 s?est traduit, pour la Préhistoire bourguignonne, par un volumineux travail de synthèse collective, associant la majorité des chercheurs concernés. Bien qu?elle ait traîné en longueur, cette rédaction a permis de nombreux échanges et la confrontation de points de vue parfois différents, mais finalement complémentaires, orientés vers des objectifs communs. L?ouvrage est découpé en deux grandes parties, Paléolithique / Mésolithique d?une part, et Néolithique d?autre part ; chacune issue d?un processus de maturation et de rédaction différent. Dans la première, l?accent est mis sur une description synthétique exhaustive des recherches menées dans la période considérée, selon un découpage à la fois thématique et chronologique. Dans la seconde, le choix s?est porté sur un état des lieux similaire, mais organisé géographiquement par grands bassins versants (Seine-Yonne, Loire et Saône). Cet état des lieux est replacé dans l?histoire régionale des recherches néolithiques et complété par des corpus synthétiques, totalement inédits à ce jour (datations radiocarbone, bibliographie exhaustive sur le Néolithique bourguignon). Loin de s?arrêter à un simple état des lieux, lui-même complètement inédit, les auteurs se sont livrés à une réflexion prospective et proposent les thèmes prioritaires ou les orientations de ce que devrait être la recherche programmée et préventive des années à venir. Par la masse considérable d?informations actualisées qu?il propose, ce volume démontre la richesse et la vitalité de la recherche archéologique bourguignonne, qu?il s?agisse des grottes d?Arcy-sur-Cure, du Paléolithique supérieur de Saône-et-Loire, des multiples occupations néolithiques, domestiques ou funéraires, des vallées de l?Yonne ou de la Saône. Stimulated by the Heritage Office (Ministry of Culture and Communication), the result of the scientific work? 606 $aArchaeology 606 $aBourgogne 606 $aPréhistoire 610 $aBourgogne 610 $aPréhistoire 615 4$aArchaeology 615 4$aBourgogne 615 4$aPréhistoire 700 $aArgant$b Alain$01295911 701 $aArgant$b Jacqueline$01295912 701 $aAugereau$b Anne$01238216 701 $aBaffier$b Dominique$0241293 701 $aBodu$b Pierre$01281758 701 $aBontemps$b Christophe$0485833 701 $aConnet$b Nelly$01304968 701 $aDucreux$b Franck$01304969 701 $aDuhamel$b Pascal$01238044 701 $aDuriaud$b Jean$01295917 701 $aFloss$b Harald$01304970 701 $aGommery$b Dominique$01304971 701 $aJouffroy$b Isabelle$01304972 701 $aLemercier$b Olivier$01304973 701 $aLhomme$b Vincent$01304974 701 $aMartineau$b Rémi$01301605 701 $aMaureille$b Bruno$01304975 701 $aMeunier$b Katia$01301606 701 $aMordant$b Daniel$0211872 701 $aMoreau$b Clément$01294839 701 $aNicolardot$b Jean-Pierre$01304591 701 $aPautrat$b Yves$01304976 701 $aPilch$b Nicolas$01304977 701 $aPillot$b Lucile$01304978 701 $aPrestreau$b Michel$01295929 701 $aRottier$b Stéphane$0734082 701 $aRué$b Mathieu$01304979 701 $aSchulz Paulsson$b Bettina$01304980 701 $aSéara$b Frédéric$01237335 701 $aSoriano$b Sylvain$01304981 701 $aThevenot$b Jean-Paul$01295932 701 $aThomas$b Jérémie$01304982 701 $aMartineau$b Rémi$01301605 701 $aPautrat$b Yves$01304976 701 $aLemercier$b Olivier$01304973 801 0$bFR-FrMaCLE 906 $aBOOK 912 $a9910416496103321 996 $aLa Préhistoire en Bourgogne$93027774 997 $aUNINA LEADER 03286oam 2200817 c 450 001 9910557270603321 005 20260302090207.0 010 $a3-8309-9284-X 024 3 $a9783830992844 035 $a(CKB)5470000000557282 035 $a(Waxmann)9783830992844 035 $a(oapen)https://directory.doabooks.org/handle/20.500.12854/72392 035 $a(oapen)doab72392 035 $a(EXLCZ)995470000000557282 100 $a20260302h20202021 uy 0 101 0 $ager 135 $aurnnunnnannuu 181 $ctxt$2rdacontent 182 $cc$2rdamedia 183 $acr$2rdacarrier 200 00$a?Grau, theurer Freund, ist alle Theorie?? $eTheorien und Erkenntniswege Schul- und Berufspraktischer Studien /$fTobias Leonhard, Petra Herzmann, Julia Ko?inár 205 $a1st, New ed. 210 $aMünster$cWaxmann$d2020 210 $d2020, c2021 215 $a1 online resource (300 p.) 225 0 $aSchulpraktische Studien und Professionalisierung$v5 311 08$a3-8309-4284-2 330 $aSchul- und Berufspraktische Studien stellen für alle deutschsprachigen Studiengänge zum Lehrberuf ein zentrales Element dar, das sich zunehmend als eigenständiger akademischer Gegenstandsbereich konturiert. Im vorliegenden Band wird der Versuch unternommen, in theoretischer, methodologischer und methodischer Hinsicht eine erste Systematisierung desselben vorzunehmen. Der Band dient damit ?nach innen? einer diskursiven Vergewisserung bezüglich relevanter und erkenntnisversprechender theoretischer Bezugnahmen sowie einer Weiterentwicklung und Fokussierung der Erkenntniswege im Studienbereich. ?Nach außen? nimmt der Band eine aktuelle Bestandsaufnahme vor und dokumentiert das Potenzial der institutionellen Einbindung des Studienbereichs in die Studiengänge zum Lehrberuf. 606 $aSchulpraktische Studien 606 $aBerufspraktische Studien 606 $aLehrberuf 606 $aStudium 606 $aStudiengänge 606 $aProfessionalisierung 606 $aHochschuldidaktik 606 $aLehre 606 $aPraxis 606 $aPraxistheorien 606 $akasuistische Reflexion 606 $aPraxisphasen 606 $aGrounded-Theory-Methodologie 606 $aGrounded Theory Methodology 606 $adoppelte Professionalisierung 606 $aSchulpädagogik 606 $aBerufs- und Wirtschaftspädagogik 615 4$aSchulpraktische Studien 615 4$aBerufspraktische Studien 615 4$aLehrberuf 615 4$aStudium 615 4$aStudiengänge 615 4$aProfessionalisierung 615 4$aHochschuldidaktik 615 4$aLehre 615 4$aPraxis 615 4$aPraxistheorien 615 4$akasuistische Reflexion 615 4$aPraxisphasen 615 4$aGrounded-Theory-Methodologie 615 4$aGrounded Theory Methodology 615 4$adoppelte Professionalisierung 615 4$aSchulpädagogik 615 4$aBerufs- und Wirtschaftspädagogik 702 $aLeonhard$b Tobias$4edt 702 $aHerzmann$b Petra$4edt 702 $aKo?inár$b Julia$4edt 801 0$bWaxmann 801 1$bWaxmann 906 $aBOOK 912 $a9910557270603321 996 $a"Grau, theurer Freund, ist alle Theorie"$92827856 997 $aUNINA